Loading...
| Fine Arts - Classical Music and Opera | 7 | 10.00 | 57% | 43% | 0% |
| Fine Arts - Other Arts | 9 | 15.56 | 78% | 67% | 11% |
| Fine Arts - Painting and Sculpture | 6 | 13.33 | 100% | 33% | 0% |
| Geography | 2 | 15.00 | 50% | 100% | 0% |
| History - American History | 5 | 14.00 | 100% | 40% | 0% |
| History - European History | 4 | 15.00 | 75% | 50% | 25% |
| History - Other History | 3 | 13.33 | 100% | 33% | 0% |
| History - World History | 5 | 20.00 | 100% | 60% | 40% |
| Literature - American Literature | 4 | 15.00 | 100% | 25% | 25% |
| Literature - British Literature | 4 | 17.50 | 100% | 75% | 0% |
| Literature - European Literature | 4 | 10.00 | 100% | 0% | 0% |
| Literature - World Literature | 5 | 14.00 | 100% | 40% | 0% |
| Modern World | 1 | 10.00 | 100% | 0% | 0% |
| Mythology | 2 | 15.00 | 100% | 0% | 50% |
| Other Academic | 3 | 10.00 | 100% | 0% | 0% |
| Other Science (Astronomy) | 1 | 10.00 | 100% | 0% | 0% |
| Other Science (Computer Science) | 2 | 15.00 | 100% | 0% | 50% |
| Other Science (Earth Science) | 1 | 0.00 | 0% | 0% | 0% |
| Other Science (Math) | 2 | 15.00 | 100% | 50% | 0% |
| Other Science (Mixed/Any) | 1 | 10.00 | 100% | 0% | 0% |
| Philosophy | 7 | 11.43 | 86% | 29% | 0% |
| Religion | 5 | 12.00 | 100% | 20% | 0% |
| Science - Biology | 6 | 10.00 | 83% | 17% | 0% |
| Science - Chemistry | 8 | 7.50 | 63% | 13% | 0% |
| Science - Physics | 3 | 6.67 | 67% | 0% | 0% |
| Social Science | 2 | 15.00 | 100% | 50% | 0% |